00623nam a2200217Ia 4500003000900000008004100009040001300050040001300063041000800076100001800084100000900102245002200111250001500133260001100148260000900159300001000168490000600178942000700184999001700191952019700208IT-RoPAU120407s9999 xx 000 0 und d aIT-RoPAU cIT-RoPAU aesp aAlphonsus Kol cs.j. aTheologia moralis aBarcinonae aHerder c1968 c24 cm v1 cBK c14232d14232 00102ddc406241_53000000000000071aPAULUSbPAULUSd2012-04-11l0o241.53r2012-04-11 00:00:00w2012-04-11yBKzInserito da: LUCIA In data: 07 ottobre 2011 fondo: Via A.Severo 56 Progr:35231